| 000 | 00602cam a2200205 a 4500 | ||
|---|---|---|---|
| 001 | 000001613 | ||
| 005 | 20200929145634.0 | ||
| 008 | 720329s1967 sp 000 f spa | ||
| 040 |
_aDO-SdBNP _bspa _cBNPHU |
||
| 082 |
_a863.6 _bA996am |
||
| 100 | 1 |
_aAzorín, _d1873-1967 _95278 |
|
| 245 | 1 | 3 |
_aLa amada España / _cAzorín. |
| 260 |
_aBarcelona : _bDestino, _c1967. |
||
| 300 |
_a299 p. ; _c19 cm. |
||
| 440 | 0 |
_aÁncora y delfín ; _v289 _94704 |
|
| 590 | _aInventariado, 2019/VM | ||
| 650 | 4 |
_aNovela española _91123 |
|
| 650 | 4 |
_aLiteratura española _9632 |
|
| 830 | 0 |
_aÁncora y delfín ; _n289 _95279 |
|
| 999 |
_c1504 _d1504 |
||